000 00327nam a2200121Ia 4500
008 220204s9999 xx 000 0 und d
082 _a65.012.122
_bSHA
100 _aShamblin, James E
245 0 _aOperations research: A fundamental approach
260 _aNew York
_bMcGraw Hill
_c1974
700 _aStevens, G T
942 _cBK
999 _c36123
_d36123